Гүнжийн үлгэрүүд (Бичлэгийн дугаар. 65344)

MARC дэлгэрэнгүй
000 -Удирдлага
Ном зүйн бүртгэл тоо буюу кодлох утгыг агуулсан 00822 a2200205 4500
003 - ХЯНАЛТЫН ТОО ТОДОРХОЙЛОГЧ
Код MN-UlNLM
005 - ХАМГИЙН СҮҮЛИЙН ҮЕИЙН ХЭЛЦЛИЙН ОГНОО БА ЦАГ
Тухайн бичилтийг бичсэн засварласан сүүлийн огноо. 20221011113136.0
008 - ЕРӨНХИЙ МЭДЭЭЛЭЛ-ЭЛЕМЕНТҮҮДИЙН ӨГӨГДЛИЙН УРТ
fixed length control field a130t2010 mp ||||| |||| 00| 0 mon d
040 ## - ЭХ СУРВАЛЖИЙГ ТОДОРХОЙЛОН БИЧИХ
Анхны каталогийн байгууллага Монгол Улсын Үндэсний номын сан
084 ## - БУСАД АНГИЛЛЫН ДУГААР
Анги 82.3(3)
Ангиллын нэр Номын сан номзүйн ангилал
Зохиогчийн 3-н тэмдэгт Г 86
Шинжлэх ухааны мэдлэгийн салбар Ардын аман зохиол, утга зохиол - 82
245 0# - ҮНДСЭН ГАРЧИГ
Гарчиг Гүнжийн үлгэрүүд
260 1# - ГАРАЛТЫН ТУХАЙ МЭДЭЭ
Хэвлэгдсэн он 2010
Хэвлэгдсэн газар УБ
Хэвлэлийн газар Мөнхийн үсэг
300 ## - ТООНЫ МЭДЭЭ
Хуудасны тоо 52х
546 ## - ХЭЛНИЙ ТУХАЙ МЭДЭЭ
Хэл
653 ## - ТҮЛХҮҮР ҮГС
Түлхүүр үг Утга зохиол
-- Үлгэр
740 ## - НОМЫН АГУУЛГЫН ГАРЧИГ
Номын гарчгууд Гахай ба Дайси гүнж
-- Улаан цэцгийн гүнж
-- Гүнж Сарнай
-- Гүнж ба цасан хүн
-- Пон хааны үлгэр
-- Амьтдыг үзэн яддаг гүнж
-- Хатан хаан болох сориа
-- Шидэт толгод
856 ## - ЭЛЕКТРОН БАЙРЛАЛ БА ХОЛБООС
Төрөл Хэвлэмэл ном
942 ## - ЭЛЕМЕНТИЙН ТӨРӨЛ
Төрөл Ном
Захиалгууд
Буцаан татагдсан төлөв Хасагдсан шалтгаан Гэмтсэн төлөв Данс заагч Захиалах боломжгүй Үндсэн номын сан Одоогийн байршил Салбар танхим Сан хөмрөг 5 Бүртгэсэн огноо Тавиурын заалт Баркод Үнэ Хамгийн сүүлд байсан огноо Салбар Нийт уншлаганд гарсан тоо Төрөл Бүрдүүлэлтийн эх үүсвэр Уншигчдад зориулсан мэдээлэл
          МУҮНомын сан салбар МУҮНомын сан салбар МУҮНС салбар | Язгуур танхим 8 давхар МУҮНС салбар | Язгуур танхим 8 давхар 2021-08-30 84201 02084201 3150.00 2021-08-30 0000020842   Ном    
          МУҮндэсний Номын сан МУҮНомын сан салбар МУҮНС салбар | Гэр бүлийн танхим 2 давхар МУҮНС салбар | Гэр бүлийн танхим 2 давхар 2021-08-30 84202 02084202 3150.00 2021-08-30 0000020842   Ном    
          МУҮНомын сан салбар МУҮНомын сан салбар МУҮНС салбар | Цахим танхим 3 давхар МУҮНС салбар | Цахим танхим 3 давхар 2022-01-11 371 000911000371 5240.00 2022-01-11     Цахим материал Худалдан авсан Киндлээр уншина